1086 1965 1667 1316 1184 1053 1262 1937 1524 1684 1039 1738 1006 1047 1791 1175 1932 1042 1351 1892 1148 1158 1847 1392 1343 1376 1394 1663 1271 1876 1192 1940 1190 1722 1339 1075 1559 1899 1328 1777 1367 1052 1266 1162 1426 1599 1087 1742 1519 1819 1078 1346 1128 1043 1536 1126 1972 1664 1896 1775 1864 1941 1912 1229 1146 1289 1943 1863 1881 1526 1725 1319 1833 1935 1810 1049 1082 1626 1673 1424 1903 1044 1349 1916 1813 1647 1095 1234 1950 1656 1878 1433 1696 1954 1914 1187 1092 1661 1139 BCNSPRNW ULIB Ver.6.0+V

เปลี่ยนเป็นภาษาไทย

Change to English
 แสดงรายละเอียดบรรณานุกรม
  กลับหน้าหลัก

Brief Record : Get Marc (ISO 2709) : E-mail record : QR code < ปิดหน้าต่าง
LEADER : 00000nam 2200000uu 4500
001    13399109150
003     ULIB
008    110323s2553||||th 000 0 tha d
020    9789744141606
050  4 B398.I3^bก759ฟ 2553
100 0  เกมอน, เดวิด
245 00 ฟิตสมองแบบอัจฉริยะ = Building mental muscle./^cเกมอน, เดวิด และ แบรกดอน,แอลเล็น ดี
260    กรุงเทพฯ :^bบิสคิต,^c 2553
300    282 หน้า: ^bภาพประกอบ
650  7 สมอง
650  7 ความจำ
650  7 อัจฉริยะบุคคล
700 0  แบรกดอน,แอลเล็น ดี^eผู้แต่งร่วม
945    ^p195^l0^i029946
945    ^p195^l0^i029945
995    เกษร
999 ^a ใช้งานได้ทุกระบบ
รายการนี้ยังไม่มีแท็ก
คุณยังไม่ได้ล็อกอิน คุณสามารถมีกิจกรรมร่วมกับเว็บไซต์ได้ แต่ต้องล็อกอินก่อน ::
  ล็อกอิน

รายการสื่อสารสนเทศ

ลำดับที่ ประเภท เลขเรียก/บาร์โค้ด สถานที่ สถานะ
- ไม่พบข้อมูล -

รายการใกล้เคียง
    ผู้แต่ง [เกมอน, เดวิด]

    หัวเรื่อง [สมอง]
    หัวเรื่อง [ความจำ]
    หัวเรื่อง [อัจฉริยะบุคคล]

BibComment


ยังไม่เคยถูกคอมเมนท์

คอมเมนท์ทรัพยากรรายการนี้
  คอมเมนท์: ฟิตสมองแบบอัจฉริย..


 Copyright 2026. Bcnsprnw @Library